000 01413nam a2200301 i 4500
001 18476732
003 EG-ScBUE
005 20250309095942.0
008 150121t2015 fluadk f b 001 0 eng d
020 _a9781466552715
040 _aEG-ScBUE
_beng
_erda
_cEG-ScBUE
_dEG-ScBUE
082 0 4 _a530.11
_bDAT
_222
100 1 _aDate, Ghanashyam,
_eauthor.
_938176
245 1 0 _aGeneral relativity :
_bbasics and beyond /
_cGhanashyam Date, The Institute of Mathematical Sciences, Chennai, India.
264 1 _aBoca Raton :
_bCRC Press / Taylor & Francis Group,
_c[2015]
264 4 _cc2015
300 _aix, 255 pages :
_bcharts, forms, tables ;
_c24 cm
336 _2rdacontent
_atext
_btxt
337 _2rdamedia
_aunmediated
_bn
338 _2rdacarrier
_avolume
_bnc
504 _aIncludes bibliographical references and index.
505 0 _aFrom Newton to Einstein: synthesis of general relativity -- Examples of space-times -- Dynamics in space-time -- Dynamics of space-time -- Elementary phenomenology -- The space-time arena -- Asymptotic structure -- Black holes -- Cosmological space-times -- Gravitational waves -- Field equation: evolutionary interpretation -- Numerical relativity -- Into the quantum realm -- Epilogue -- Mathematical background.
650 7 _aGeneral relativity (Physics)
_2BUEsh
651 _2BUEsh
653 _bENGGEN
_cJune2015
655 _vReading book
942 _2ddc
_cBB
999 _c19528
_d19500